Biochemical and functional characterisation of casein and whey protein hydrolyates : a study on the correlations between biochemical and functional properties using multivariate data analyses (Record no. 32251)
[ view plain ]
| 000 -LEADER | |
|---|---|
| fixed length control field | 00870 a2200265 4500 |
| 041 ## - CODE DE LANGUE | |
| Language code of summary or abstract/overprinted title or subtitle | En |
| 040 ## - SOURCE DU CATALOGAGE | |
| Original cataloging agency | Support |
| 041 ## - CODE DE LANGUE | |
| Language code of summary or abstract/overprinted title or subtitle | En |
| 020 ## - NUMERO INTERNATIONAL NORMALISE DES LIVRES | |
| International Standard Book Number | 90-5808-653-4 |
| 100 ## - VEDETTE PRINCIPALE - NOM DE PERSONNE | |
| Personal name | VAN DER VEN, Cornelly |
| 130 ## - VEDETTE PRINCIPALE - TITRE UNIFORME | |
| Language of a work | En |
| 100 ## - VEDETTE PRINCIPALE - NOM DE PERSONNE | |
| Affiliation | Abomey-Calavi, Université d'Abomey-Calavi, Faculté des Sciences Agronomiques, Bj |
| 260 ## - PUBLICATION, DISTRIBUTION, ETC. (IMPRINT) | |
| Place of publication, distribution, etc | Wageningen |
| 260 ## - PUBLICATION, DISTRIBUTION, ETC. (IMPRINT) | |
| Name of publisher, distributor, etc | Université de Wageningen |
| 245 ## - TITLE STATEMENT | |
| Title | Biochemical and functional characterisation of casein and whey protein hydrolyates : a study on the correlations between biochemical and functional properties using multivariate data analyses |
| 260 ## - PUBLICATION, DISTRIBUTION, ETC. (IMPRINT) | |
| Date of publication, distribution, etc | 04 Juin 2002 |
| 300 ## - PHYSICAL DESCRIPTION | |
| Extent | 155 p. |
| 300 ## - PHYSICAL DESCRIPTION | |
| Other physical details | Ill., Couv. ill. ; 24 cm |
| 502 ## - DISSERTATION NOTE | |
| Dissertation note | Thèse de Doctorat |
| 653 1# - INDEX TERM--UNCONTROLLED | |
| Uncontrolled term | Agronomie |
| 650 ## - SUBJECT ADDED ENTRY--TOPICAL TERM | |
| Topical term or geographic name as entry element | CASEIN |
| 650 ## - SUBJECT ADDED ENTRY--TOPICAL TERM | |
| Topical term or geographic name as entry element | WHEY PROPTEIN HYDROLYSATE |
| 653 #1 - INDEX TERM--UNCONTROLLED | |
| Uncontrolled term | Nutrition et Sciences Alimentaires |
| Withdrawn status | Lost status | Damaged status | Not for loan | Location (home branch) | Sublocation or collection (holding branch) | Date acquired | Koha issues (times borrowed) | Koha full call number | Koha date last seen | Copy number | Price effective from | Koha item type | Public note |
|---|---|---|---|---|---|---|---|---|---|---|---|---|---|
| Bibliothèque-Centre de Documentation de la Faculté des Sciences Agronomiques | Bibliothèque-Centre de Documentation de la Faculté des Sciences Agronomiques | T.NSA?2002.042 | 28/02/2009 | 02 | 28/02/2009 | Livre | A.9141 |